UBT Library

Slavery and the founders : (Record no. 44449)

000 -LEADER
fixed length control field 00870cam a2200253 a 4500
001 - CONTROL NUMBER
control field 12216957
005 - DATE AND TIME OF LATEST TRANSACTION
control field 20180308051240.0
008 - FIXED-LENGTH DATA ELEMENTS--GENERAL INFORMATION
fixed length control field 001031s2001 nyu b 001 0 eng
010 ## - LIBRARY OF CONGRESS CONTROL NUMBER
LC control number 00053162
020 ## - INTERNATIONAL STANDARD BOOK NUMBER
International Standard Book Number 0765604388 (alk. paper)
020 ## - INTERNATIONAL STANDARD BOOK NUMBER
International Standard Book Number 0765604396 (pbk. : alk. paper)
040 ## - CATALOGING SOURCE
Original cataloging agency DLC
Transcribing agency DLC
Modifying agency DLC
041 ## - LANGUAGE CODE
Language code of text/sound track or separate title eng
043 ## - GEOGRAPHIC AREA CODE
Geographic area code n-us---
080 ## - UNIVERSAL DECIMAL CLASSIFICATION NUMBER
Universal Decimal Classification number 306.3620973 FIN
082 00 - DEWEY DECIMAL CLASSIFICATION NUMBER
Classification number 306.3620973 FIN
Edition number 21
100 1# - Rafti
Rafti 20
101 ## - Shkurtesa
Shkurtesa POL
245 10 - TITLE STATEMENT
Title Slavery and the founders :
Statement of responsibility, etc Paul Finkelman.
504 ## - BIBLIOGRAPHY, ETC. NOTE
Bibliography, etc Includes bibliographical references (p. 253-265) and index.
906 ## - LOCAL DATA ELEMENT F, LDF (RLIN)
a 7
b cbc
c orignew
d 1
e ocip
f 20
g y-gencatlg
942 ## - ADDED ENTRY ELEMENTS (KOHA)
Source of classification or shelving scheme
Item type Books
Holdings
Withdrawn status Lost status Source of classification or shelving scheme Damaged status Not for loan Collection code Permanent location Current location Shelving location Date acquired Total Checkouts Full call number Barcode Date last seen Price effective from Koha item type
          Koleksioni i përgjithshem UBT - Lipjan UBT - Lipjan Koleksioni i përgjithshem 03/08/2018   306.3620973 FIN 002-3000852 03/08/2018 03/08/2018 Books
UBT Library © 2015-2024. All rights reserved University Education for Business and Technology